00326nam a2200121Ia 450000500170000000800410001710000190005824500700007725000110014726000220015830000110018065000130019120260328104338.0260328s9999||||xx |||||||||||||| ||und|| aPagini, Franca 0aLos Materiales del Hombre :b Señor Ladrillo /cFranca Pagini a1a ed. bVillegas Editores a325 p. aLADRILLO